[Event "10th Edmonton International Open"]
[Site "Edmonton"]
[Date "2015.06.27"]
[Round "2.4"]
[White "Aspler, Gerald"]
[Black "Briones, Dante"]
[Result "0-1"]
[WhiteElo "1802"]
[BlackElo "1990"]
[PlyCount "100"]
[EventDate "2015.06.26"]
[EventType "swiss"]
[EventRounds "5"]
[EventCountry "CAN"]

1. d4 Nf6 2. Nf3 g6 3. Bf4 Bg7 4. e3 c5 5. c3 Qb6 6. Qb3 O-O 7. Nbd2 d5 8. Be2
Nc6 9. O-O h6 10. Rfe1 c4 11. Qxb6 axb6 12. a4 Bf5 13. Bc7 Nd7 14. e4 dxe4 15.
Nh4 Rfc8 16. Bg3 Na5 17. Bf1 e6 18. Nxe4 Bxe4 19. Rxe4 Nb3 20. Rd1 Rxa4 21. Nf3
b5 22. Be5 Nb6 23. Bxg7 Kxg7 24. Ne5 Ra2 25. Re2 Rca8 26. g3 Ra1 27. Rxa1 Rxa1
28. Kg2 Rb1 29. Rc2 h5 30. Be2 f6 31. Nf3 Na4 32. h4 Rxb2 33. Ne1 Rxc2 34. Nxc2
Nxc3 35. Bf3 Na5 36. Nb4 Nc6 37. Bxc6 bxc6 38. Kf1 Nd5 39. Nxc6 b4 40. Na5 c3
41. Ke2 Kf7 42. Kd3 Ke8 43. Nb3 Ke7 44. f4 Kd6 45. Ke4 Kc6 46. Kd3 Kb5 47. Nc5
Nc7 48. Nd7 Ka4 49. Nc5+ Ka3 50. Kc2 Nd5 0-1

[Event "10th Edmonton International Open"]
[Site "Edmonton"]
[Date "2015.06.27"]
[Round "2.5"]
[White "White, Chris"]
[Black "Taranik, Alexey"]
[Result "1/2-1/2"]
[WhiteElo "1665"]
[BlackElo "1719"]
[PlyCount "59"]
[EventDate "2015.06.26"]
[EventType "swiss"]
[EventRounds "5"]
[EventCountry "CAN"]

1. d4 e6 2. c4 d5 3. Nc3 Nf6 4. e3 Be7 5. Nf3 O-O 6. Bd3 dxc4 7. Bxc4 a6 8. O-O
b5 9. Bd3 c5 10. dxc5 Bxc5 11. e4 h6 12. Bf4 Bb7 13. Qe2 Qe7 14. h3 Nbd7 15.
Rac1 Rfd8 16. Bc7 Re8 17. e5 Nd5 18. Qe4 f5 19. exf6 N7xf6 20. Nxd5 Bxd5 21.
Qe5 Rac8 22. Ba5 Bd6 23. Qe3 Nd7 24. Bg6 Rf8 25. Rxc8 Rxc8 26. Bc3 Rf8 27. Bh5
Nf6 28. Bg6 Nd7 29. a3 Bc5 30. Bd4 1/2-1/2

[Event "10th Edmonton International Open"]
[Site "Edmonton"]
[Date "2015.06.27"]
[Round "2.6"]
[White "Young, Joseph"]
[Black "Taranik, Nikita"]
[Result "1-0"]
[WhiteElo "1834"]
[BlackElo "1104"]
[PlyCount "103"]
[EventDate "2015.06.26"]
[EventType "swiss"]
[EventRounds "5"]
[EventCountry "CAN"]

1. e4 e5 2. Nf3 Nc6 3. Bc4 Bc5 4. d3 Nf6 5. Bg5 h6 6. Bh4 d6 7. h3 Be6 8. Nc3
Bxc4 9. dxc4 g5 10. Bg3 Qd7 11. Qe2 O-O-O 12. a3 Nd4 13. Nxd4 Bxd4 14. Qf3
Bxc3+ 15. bxc3 Qe6 16. Qd3 c6 17. Rb1 Nh5 18. O-O Nf4 19. Qe3 c5 20. Bxf4 gxf4
21. Qf3 Rd7 22. Qd3 f6 23. Rb5 Rg7 24. Kh2 Rhg8 25. Rg1 Qf7 26. Qxd6 Qd7 27.
Rxc5+ Kd8 28. Qb8+ Ke7 29. Qxa7 h5 30. Qb6 Ke8 31. Rd5 Qc6 32. Qd8+ Kf7 33.
Rd7+ Kg6 34. Rxg7+ Kxg7 35. Qe7+ Kh6 36. f3 Rg6 37. h4 Qb6 38. Qf8+ Kh7 39. c5
Qb5 40. Qf7+ Kh6 41. Qf8+ Kh7 42. Re1 Qb2 43. Qf7+ Kh6 44. Qb3 Qxb3 45. cxb3
Rg7 46. Rd1 Rc7 47. b4 Rc6 48. Rd7 Ra6 49. Rxb7 Rxa3 50. c6 Rxc3 51. c7 Rc6 52.
b5 1-0

[Event "10th Edmonton International Open"]
[Site "Edmonton"]
[Date "2015.06.27"]
[Round "2.7"]
[White "Koperski, Dustin"]
[Black "Mo, Michelle"]
[Result "1/2-1/2"]
[WhiteElo "1777"]
[BlackElo "1511"]
[PlyCount "81"]
[EventDate "2015.06.26"]
[EventType "swiss"]
[EventRounds "5"]
[EventCountry "CAN"]

1. e4 c5 2. d4 cxd4 3. c3 d6 4. Bc4 Nf6 5. Qe2 Nc6 6. h3 e5 7. Nf3 Be7 8. cxd4
Nxd4 9. Nxd4 exd4 10. O-O Be6 11. Bb5+ Bd7 12. Bxd7+ Qxd7 13. Rd1 Qc6 14. e5
Ne4 15. exd6 Nxd6 16. Bg5 f6 17. Bf4 Nf5 18. Nd2 O-O 19. Rac1 Qd7 20. Rc7 Qa4
21. Qc4+ Qxc4 22. Nxc4 Rac8 23. b3 Rxc7 24. Bxc7 Rc8 25. Bf4 Rd8 26. g4 Nh4 27.
Rd3 Ng6 28. Bc1 Ne5 29. Nxe5 fxe5 30. f3 h6 31. Kf1 Bf6 32. Rd1 Re8 33. Ke2 e4
34. fxe4 Rxe4+ 35. Kd3 Re8 36. Bd2 Kf7 37. Re1 Rxe1 38. Bxe1 Ke6 39. Bf2 Kd5
40. a3 g5 41. Bg1 1/2-1/2

[Event "10th Edmonton International Open"]
[Site "Edmonton"]
[Date "2015.06.27"]
[Round "2.8"]
[White "Kadavil, Suresh"]
[Black "Dahal, Raj"]
[Result "1-0"]
[WhiteElo "1721"]
[BlackElo "1461"]
[PlyCount "101"]
[EventDate "2015.06.26"]
[EventType "swiss"]
[EventRounds "5"]
[EventCountry "CAN"]

1. b3 d5 2. Bb2 d4 3. e3 c5 4. Nf3 Nc6 5. Bb5 Bg4 6. h3 Bxf3 7. Qxf3 Rc8 8. O-O
Nf6 9. exd4 cxd4 10. c3 dxc3 11. dxc3 e6 12. Rd1 Qb6 13. Na3 Be7 14. Bxc6+ Qxc6
15. Qxc6+ Rxc6 16. Nc4 O-O 17. Ne5 Rc7 18. Rd3 Nd5 19. Rad1 Rfc8 20. c4 Nf6 21.
R1d2 Ne4 22. Re2 f5 23. f3 Ng3 24. Red2 b5 25. f4 Ne4 26. Rd1 bxc4 27. bxc4 Rb7
28. Ba3 Bh4 29. Rd7 Rxd7 30. Rxd7 Rb8 31. Kf1 Nc3 32. g4 h6 33. Ng6 Rb1+ 34.
Kg2 Bf6 35. gxf5 exf5 36. Rxa7 Bd4 37. Ra8+ Kf7 38. Ne5+ Bxe5 39. Rf8+ Ke6 40.
Re8+ Kf6 41. fxe5+ Kg5 42. e6 Ne2 43. e7 Nf4+ 44. Kh2 Re1 45. Rg8 Re2+ 46. Kg3
Re3+ 47. Kf2 Rxe7 48. Bxe7+ Kg6 49. Rb8 Nxh3+ 50. Kg3 Ng1 51. c5 1-0

[Event "10th Edmonton International Open"]
[Site "Edmonton"]
[Date "2015.06.27"]
[Round "2.9"]
[White "Relling, Leonard"]
[Black "Dave, Bhavik"]
[Result "0-1"]
[WhiteElo "1385"]
[BlackElo "1682"]
[PlyCount "78"]
[EventDate "2015.06.26"]
[EventType "swiss"]
[EventRounds "5"]
[EventCountry "CAN"]

1. e4 e5 2. Nc3 Nc6 3. Bc4 Bc5 4. d3 Nge7 5. f4 exf4 6. Nf3 Ng6 7. d4 Bb6 8.
Nd5 O-O 9. c3 Re8 10. Qc2 d6 11. h4 h5 12. Bxf4 Nce7 13. Bg5 Be6 14. O-O c6 15.
Nxe7+ Nxe7 16. Bxe6 fxe6 17. Kh1 Qd7 18. Qe2 g6 19. Bh6 Kh7 20. Qe3 Nf5 21.
exf5 exf5 22. Ng5+ Kxh6 23. Nf7+ Kg7 24. Qh6+ Kf6 25. Ng5 Re7 26. Rae1 Rae8 27.
Rxe7 Qxe7 28. g4 hxg4 29. h5 Rg8 30. Nh7+ Kf7 31. hxg6+ Ke8 32. Nf6+ Qxf6 33.
Re1+ Kd8 34. Kg2 Qxg6 35. Qe3 Qf7 36. c4 Re8 37. Qg5+ Kc7 38. Rd1 Qe7 39. Qd2
Qe2+ 0-1

[Event "10th Edmonton International Open"]
[Site "Edmonton"]
[Date "2015.06.27"]
[Round "3.2"]
[White "Rekhson, Vladislav"]
[Black "Shrestha, Prayus"]
[Result "1-0"]
[WhiteElo "2219"]
[BlackElo "1458"]
[PlyCount "99"]
[EventDate "2015.06.26"]
[EventType "swiss"]
[EventRounds "5"]
[EventCountry "CAN"]

1. c4 c6 2. g3 d5 3. cxd5 cxd5 4. Bg2 Nf6 5. d3 g6 6. Nf3 Bg7 7. O-O O-O 8. Nc3
Nc6 9. Bd2 e5 10. Rc1 Be6 11. a3 Rc8 12. b4 a6 13. Na4 Nd7 14. Ng5 b5 15. Nc5
Nxc5 16. Rxc5 Nd4 17. Nxe6 fxe6 18. Rxc8 Qxc8 19. e3 Nf5 20. Qb3 Qd7 21. Rc1
Rc8 22. Rc2 Nd6 23. Bc1 Rxc2 24. Qxc2 Qc8 25. Qxc8+ Nxc8 26. e4 d4 27. Bg5 Nb6
28. Kf1 Kf7 29. Bd8 Na4 30. Ke1 Bh6 31. Kd1 Ke8 32. Bf6 Kf7 33. Bxe5 Bg7 34.
Bxg7 Kxg7 35. e5 Nc3+ 36. Kc2 Nd5 37. Bxd5 exd5 38. f4 Kf7 39. g4 Ke6 40. Kd2
g5 41. Ke2 gxf4 42. Kf3 Kxe5 43. h3 h6 44. h4 Ke6 45. Kxf4 Kf6 46. g5+ hxg5+
47. hxg5+ Kg6 48. Kg4 Kg7 49. Kf5 Kf7 50. Ke5 1-0

[Event "10th Edmonton International Open"]
[Site "Edmonton"]
[Date "2015.06.27"]
[Round "3.3"]
[White "Haynes, Nicolas"]
[Black "Yao, David"]
[Result "1-0"]
[WhiteElo "2297"]
[BlackElo "1889"]
[PlyCount "65"]
[EventDate "2015.06.26"]
[EventType "swiss"]
[EventRounds "5"]
[EventCountry "CAN"]

1. e4 e6 2. d3 d5 3. Nd2 Nf6 4. Ngf3 c5 5. g3 Nc6 6. Bg2 Be7 7. O-O b6 8. Re1
Bb7 9. h4 d4 10. e5 Nd5 11. a4 Qd7 12. Nc4 h6 13. Bd2 O-O-O 14. a5 b5 15. a6
bxc4 16. axb7+ Kxb7 17. dxc4 Nb6 18. b3 Kb8 19. Nh2 f6 20. exf6 Bxf6 21. Qf3 d3
22. c3 Kc7 23. Rxa7+ Nxa7 24. Qb7+ Kd6 25. Qxb6+ Ke7 26. Bh3 Kf8 27. Bxe6 Qe7
28. Bd5 Nc8 29. Qc6 Qd6 30. Qb7 Qd7 31. Qa6 Re8 32. Re6 Re7 33. Rxf6+ 1-0

[Event "10th Edmonton International Open"]
[Site "Edmonton"]
[Date "2015.06.27"]
[Round "3.4"]
[White "Young, Joseph"]
[Black "White, Chris"]
[Result "1-0"]
[WhiteElo "1834"]
[BlackElo "1665"]
[PlyCount "57"]
[EventDate "2015.06.26"]
[EventType "swiss"]
[EventRounds "5"]
[EventCountry "CAN"]

1. e4 e6 2. d4 d5 3. exd5 exd5 4. Bd3 Bd6 5. Ne2 Bg4 6. Nbc3 Ne7 7. Bg5 c6 8.
Qd2 Qc7 9. h3 Bh5 10. O-O Bg6 11. Rae1 O-O 12. f4 Bxd3 13. Qxd3 f6 14. Bh4 Nd7
15. f5 c5 16. Nb5 Qb6 17. Nxd6 Qxd6 18. Nf4 c4 19. Qf3 Nxf5 20. Bf2 Nb6 21. Ne6
Nxd4 22. Bxd4 Rf7 23. Nc5 Rc8 24. Re6 Qc7 25. Rfe1 Rd8 26. Re8+ Rf8 27. Rxf8+
Rxf8 28. Ne6 Qe7 29. Bc5 1-0

[Event "10th Edmonton International Open"]
[Site "Edmonton"]
[Date "2015.06.27"]
[Round "3.5"]
[White "Taranik, Alexey"]
[Black "Wang, Kaixin"]
[Result "0-1"]
[WhiteElo "1719"]
[BlackElo "1805"]
[PlyCount "94"]
[EventDate "2015.06.26"]
[EventType "swiss"]
[EventRounds "5"]
[EventCountry "CAN"]

1. c4 c5 2. g3 Nc6 3. Bg2 g6 4. e3 Bg7 5. Ne2 e5 6. Nbc3 Nge7 7. O-O O-O 8. Rb1
d6 9. d3 f5 10. f4 Be6 11. Nd5 Qd7 12. a3 Bxd5 13. cxd5 Nd8 14. Bd2 b6 15. b4
Rc8 16. Qb3 Nb7 17. fxe5 dxe5 18. d6+ c4 19. dxc4 Nxd6 20. Rbc1 Kh8 21. Rfd1
Qe6 22. Bd5 Nxd5 23. cxd5 Qd7 24. a4 a6 25. Be1 b5 26. a5 Nc4 27. Bf2 e4 28.
Qb1 Ne5 29. Nd4 Nd3 30. Rxc8 Rxc8 31. Nc6 Bf6 32. Qb3 Kg7 33. Kg2 Qd6 34. Be1
Ne5 35. Nd4 Nd3 36. Nc6 Ne5 37. Nd4 Nc4 38. Ne6+ Kf7 39. Kf2 Nb2 40. Rb1 Nd3+
41. Ke2 Nc1+ 42. Rxc1 Rxc1 43. Nc5 Rxc5 44. bxc5 Qxc5 45. Qd1 Bg5 46. Bf2 Qc4+
47. Ke1 Ke7 0-1

[Event "10th Edmonton International Open"]
[Site "Edmonton"]
[Date "2015.06.27"]
[Round "3.6"]
[White "Dave, Bhavik"]
[Black "Aspler, Gerald"]
[Result "0-1"]
[WhiteElo "1682"]
[BlackElo "1802"]
[PlyCount "78"]
[EventDate "2015.06.26"]
[EventType "swiss"]
[EventRounds "5"]
[EventCountry "CAN"]

1. d4 Nf6 2. c4 c5 3. d5 b5 4. cxb5 a6 5. b6 Qxb6 6. Nc3 d6 7. e4 Nbd7 8. a4 a5
9. f4 g6 10. Nf3 Bg7 11. Bc4 O-O 12. O-O Ne8 13. Qe2 Nc7 14. e5 Ba6 15. Re1
Bxc4 16. Qxc4 Qb4 17. Qe2 Nb6 18. e6 fxe6 19. Nb5 Ncxd5 20. Qxe6+ Kh8 21. Ng5
h6 22. Ra3 Rf6 23. Qe2 hxg5 24. Rh3+ Kg8 25. Bd2 Nxf4 26. Bxf4 Qxf4 27. Rf3 Qg4
28. h3 Qd7 29. Rg3 Rf5 30. Re3 Re5 31. Qd3 Rxe3 32. Rxe3 Kh7 33. Qe2 e5 34. Rd3
d5 35. Qe3 e4 36. Rd1 Nxa4 37. Nc3 Bd4 38. Rxd4 cxd4 39. Qxd4 Nxc3 0-1

[Event "10th Edmonton International Open"]
[Site "Edmonton"]
[Date "2015.06.27"]
[Round "3.7"]
[White "Koperski, Dustin"]
[Black "Kadavil, Suresh"]
[Result "0-1"]
[WhiteElo "1777"]
[BlackElo "1721"]
[PlyCount "50"]
[EventDate "2015.06.26"]
[EventType "swiss"]
[EventRounds "5"]
[EventCountry "CAN"]

1. e4 b6 2. d4 Bb7 3. Bd3 Nc6 4. Ne2 e6 5. Nbc3 Nf6 6. O-O Be7 7. Be3 h5 8. Qd2
Ng4 9. f3 Nxe3 10. Qxe3 g5 11. d5 Ne5 12. Rad1 Bd6 13. Nb5 Bc5 14. Nbd4 Qe7 15.
a3 exd5 16. exd5 Bxd5 17. b4 Bxd4 18. Nxd4 O-O-O 19. Ba6+ Kb8 20. Nf5 Qe6 21.
Qd4 Ba8 22. Rfe1 Nxf3+ 23. gxf3 Qxf5 24. Re7 Qxf3 25. Rxd7 Qg2# 0-1

[Event "10th Edmonton International Open"]
[Site "Edmonton"]
[Date "2015.06.27"]
[Round "3.8"]
[White "Mo, Michelle"]
[Black "Taranik, Nikita"]
[Result "1-0"]
[WhiteElo "1511"]
[BlackElo "1104"]
[PlyCount "77"]
[EventDate "2015.06.26"]
[EventType "swiss"]
[EventRounds "5"]
[EventCountry "CAN"]

1. e4 e5 2. Nf3 Nc6 3. Nc3 Bc5 4. Bb5 a6 5. Bxc6 bxc6 6. Nxe5 Bb7 7. d4 Bb6 8.
Qf3 Nf6 9. Be3 d6 10. Ng4 Nxg4 11. Qxg4 O-O 12. Bh6 Qf6 13. Be3 Bxd4 14. Bxd4
Qxd4 15. O-O Rfe8 16. Rad1 Qf6 17. Rfe1 Re7 18. Rd3 Rae8 19. Rde3 Qd4 20. Rd3
Qb6 21. b3 d5 22. Re2 h6 23. Rg3 g6 24. h4 Bc8 25. Qh5 Kh7 26. Qf3 Qd4 27. exd5
Rxe2 28. Nxe2 Qxd5 29. Nc3 Qxf3 30. Rxf3 Re1+ 31. Kh2 Be6 32. Na4 f5 33. Nc5
Bd5 34. Rc3 a5 35. a4 Re5 36. Nd7 Re6 37. Nf8+ Kg8 38. Nxe6 Bxe6 39. Rxc6 1-0

[Event "10th Edmonton International Open"]
[Site "Edmonton"]
[Date "2015.06.27"]
[Round "3.9"]
[White "Dahal, Raj"]
[Black "Relling, Leonard"]
[Result "1-0"]
[WhiteElo "1461"]
[BlackElo "1385"]
[PlyCount "37"]
[EventDate "2015.06.26"]
[EventType "swiss"]
[EventRounds "5"]
[EventCountry "CAN"]

1. e4 e5 2. d4 exd4 3. Nf3 c5 4. Bc4 f6 5. c3 a6 6. e5 b5 7. Bd5 Nc6 8. O-O
fxe5 9. Bxc6 dxc6 10. Nxe5 Qc7 11. Re1 Nf6 12. Ng6+ Kf7 13. Nxh8+ Kg8 14. cxd4
Kxh8 15. Nc3 Bf5 16. Ne2 Rd8 17. Bg5 Ng4 18. Ng3 Rxd4 19. Qf3 1-0

[Event "10th Edmonton International Open"]
[Site "Edmonton"]
[Date "2015.06.28"]
[Round "4.1"]
[White "Fellah, Mohamad"]
[Black "Rekhson, Vladislav"]
[Result "1/2-1/2"]
[WhiteElo "1793"]
[BlackElo "2219"]
[PlyCount "79"]
[EventDate "2015.06.26"]
[EventType "swiss"]
[EventRounds "5"]
[EventCountry "CAN"]

1. e4 e5 2. Nf3 Nc6 3. Bb5 a6 4. Ba4 Nf6 5. O-O Be7 6. Re1 b5 7. Bb3 O-O 8. c3
d6 9. h3 Na5 10. Bc2 c5 11. d4 cxd4 12. cxd4 Qc7 13. d5 Nc4 14. b3 Nb6 15. Be3
Bb7 16. Nbd2 Rac8 17. Rc1 Nbd7 18. Nf1 Qa5 19. Bb1 Rxc1 20. Bxc1 Rc8 21. Ng3 g6
22. Bd2 Qb6 23. Be3 Qa5 24. Bd2 Qb6 25. Be3 Qd8 26. Qd2 a5 27. Qe2 b4 28. Nd2
Nc5 29. Rc1 Nfd7 30. Nc4 Ba6 31. Nf1 a4 32. Nfd2 Bb5 33. Qd1 Ra8 34. f4 axb3
35. axb3 f6 36. Bc2 exf4 37. Bxf4 Ne5 38. Bxe5 fxe5 39. Ra1 Kg7 40. Qb1 1/2-1/2

[Event "10th Edmonton International Open"]
[Site "Edmonton"]
[Date "2015.06.28"]
[Round "4.2"]
[White "Aspler, Gerald"]
[Black "Haynes, Nicolas"]
[Result "0-1"]
[WhiteElo "1802"]
[BlackElo "2297"]
[PlyCount "44"]
[EventDate "2015.06.26"]
[EventType "swiss"]
[EventRounds "5"]
[EventCountry "CAN"]

1. d4 Nf6 2. Nf3 g6 3. Bf4 Bg7 4. e3 O-O 5. Bd3 c5 6. c3 d6 7. h3 Be6 8. Nbd2
Qb6 9. Qc2 Nc6 10. O-O Rac8 11. dxc5 Qxc5 12. Nd4 Nd5 13. N2b3 Qb6 14. Nxe6
fxe6 15. Qe2 a5 16. Bg5 Qc7 17. Nd4 Qd7 18. Bb5 Bxd4 19. cxd4 Nc7 20. Ba4 b5
21. Bxb5 Nxb5 22. Qxb5 Rf5 0-1

[Event "10th Edmonton International Open"]
[Site "Edmonton"]
[Date "2015.06.28"]
[Round "4.3"]
[White "Briones, Dante"]
[Black "Wang, Kaixin"]
[Result "1-0"]
[WhiteElo "1990"]
[BlackElo "1805"]
[PlyCount "79"]
[EventDate "2015.06.26"]
[EventType "swiss"]
[EventRounds "5"]
[EventCountry "CAN"]

1. e4 e6 2. d4 d5 3. e5 c5 4. c3 Nc6 5. Nf3 Nge7 6. Bd3 Ng6 7. h4 cxd4 8. cxd4
Bb4+ 9. Kf1 Bd7 10. a3 Ba5 11. b4 Bb6 12. Nc3 Qe7 13. h5 Nf8 14. h6 gxh6 15.
Bxh6 O-O-O 16. Bg5 Qe8 17. Nb5 Bc7 18. Rc1 a6 19. Nxc7 Kxc7 20. a4 Kb8 21. Bxd8
Nxd8 22. Ra1 Ng6 23. g3 Nc6 24. Qb3 Qd8 25. b5 Qb6 26. Qc3 axb5 27. axb5 Na7
28. Kg2 Bxb5 29. Rhb1 Qc6 30. Qa5 Bxd3 31. Qxa7+ Kc7 32. Rc1 Bc4 33. Ra5 Kd8
34. Rc5 Qd7 35. Qb6+ Ke8 36. Rc7 Qd8 37. Qc5 Ne7 38. Rxb7 h6 39. Rcb1 Ba6 40.
Rxe7+ 1-0

[Event "10th Edmonton International Open"]
[Site "Edmonton"]
[Date "2015.06.28"]
[Round "4.4"]
[White "Kadavil, Suresh"]
[Black "Sabogal, Edison"]
[Result "0-1"]
[WhiteElo "1721"]
[BlackElo "1905"]
[PlyCount "68"]
[EventDate "2015.06.26"]
[EventType "swiss"]
[EventRounds "5"]
[EventCountry "CAN"]

1. b3 d5 2. Bb2 c5 3. e3 Nc6 4. Nf3 Bg4 5. h3 Bh5 6. g4 Bg6 7. Bb5 f6 8. d4 e6
9. g5 Be4 10. Rg1 Qa5+ 11. Nc3 Bxf3 12. Qxf3 cxd4 13. exd4 Bb4 14. a4 f5 15.
O-O-O a6 16. Bxc6+ bxc6 17. Rge1 Kf7 18. Rxe6 Kxe6 19. Re1+ Kd6 20. Qf4+ Kd7
21. Qxf5+ Kc7 22. Qf7+ Kb6 23. Qxg7 Bxc3 24. Re6 Nh6 25. Qxh6 Rac8 26. Kb1 Bxb2
27. Kxb2 Qd2 28. Qf6 Rhf8 29. Qh6 Rxf2 30. Qxh7 Qxd4+ 31. Ka2 Rf1 32. a5+ Kxa5
33. b4+ Kb6 34. c3 Rf2+ 0-1

[Event "10th Edmonton International Open"]
[Site "Edmonton"]
[Date "2015.06.28"]
[Round "4.6"]
[White "Mo, Michelle"]
[Black "Shrestha, Prayus"]
[Result "1-0"]
[WhiteElo "1511"]
[BlackElo "1458"]
[PlyCount "85"]
[EventDate "2015.06.26"]
[EventType "swiss"]
[EventRounds "5"]
[EventCountry "CAN"]

1. e4 c6 2. d4 d5 3. Nc3 dxe4 4. Nxe4 Bf5 5. Ng3 Bg6 6. Nf3 Nd7 7. c4 e6 8. a3
c5 9. d5 exd5 10. Qxd5 Qc7 11. Be3 Ngf6 12. Qd2 Rd8 13. Qc3 Be7 14. Bd3 Bxd3
15. Qxd3 O-O 16. O-O Rfe8 17. Rfe1 Nf8 18. Qc2 Ng6 19. Bg5 h6 20. Bxf6 Bxf6 21.
Rad1 Rxd1 22. Rxd1 Qb6 23. b3 Nf8 24. Ne4 Be7 25. Nc3 Qg6 26. Qe2 Qe6 27. Qxe6
Nxe6 28. Rd7 Rd8 29. Rxe7 Rd3 30. Rxb7 Rxc3 31. Kf1 Nd4 32. Nxd4 cxd4 33. Ke2
Rc2+ 34. Kd3 Rxf2 35. Rxa7 Rxg2 36. c5 Kf8 37. b4 Rxh2 38. c6 Rh3+ 39. Kxd4 Ke8
40. b5 Kd8 41. b6 Rh4+ 42. Kc5 Rh5+ 43. Kd6 1-0

[Event "10th Edmonton International Open"]
[Site "Edmonton"]
[Date "2015.06.28"]
[Round "4.7"]
[White "White, Chris"]
[Black "Dave, Bhavik"]
[Result "1-0"]
[WhiteElo "1665"]
[BlackElo "1682"]
[PlyCount "55"]
[EventDate "2015.06.26"]
[EventType "swiss"]
[EventRounds "5"]
[EventCountry "CAN"]

1. d4 Nf6 2. c4 g6 3. Nc3 d5 4. cxd5 Nxd5 5. e4 Nxc3 6. bxc3 Bg7 7. Bc4 O-O 8.
Ne2 c5 9. O-O Nc6 10. Be3 Na5 11. Bd3 cxd4 12. cxd4 Be6 13. d5 Bxa1 14. Qxa1
Bd7 15. Bh6 f6 16. Bxf8 Kxf8 17. e5 Rc8 18. Qd4 b6 19. Qh4 Kg7 20. exf6+ exf6
21. Nf4 f5 22. Qg3 Nc4 23. Re1 Kg8 24. h4 Qf6 25. h5 g5 26. Ne6 h6 27. Bxc4 f4
28. Qd3 1-0

[Event "10th Edmonton International Open"]
[Site "Edmonton"]
[Date "2015.06.28"]
[Round "4.8"]
[White "Taranik, Alexey"]
[Black "Dahal, Raj"]
[Result "1/2-1/2"]
[WhiteElo "1719"]
[BlackElo "1461"]
[PlyCount "147"]
[EventDate "2015.06.26"]
[EventType "swiss"]
[EventRounds "5"]
[EventCountry "CAN"]

1. d4 c5 2. d5 d6 3. c4 Nf6 4. Nc3 a6 5. e4 g6 6. Nf3 Bg4 7. Be2 Nbd7 8. h3
Bxf3 9. Bxf3 Bg7 10. Be2 O-O 11. O-O Re8 12. Bf4 Qc7 13. Qd2 Rad8 14. Rad1 Nb6
15. Rfe1 Nc8 16. Qc2 e6 17. a4 exd5 18. cxd5 Nb6 19. Bf1 Nbd7 20. Bh2 Nh5 21.
Be2 Nhf6 22. Bf1 Nf8 23. f3 Nh5 24. Rb1 Bd4+ 25. Kh1 Qe7 26. Ne2 Bf2 27. Red1
Qh4 28. g4 Ng7 29. Nf4 f5 30. Ng2 Qxh3 31. Qxf2 fxe4 32. Ne1 Qh6 33. fxe4 Rxe4
34. Be2 Rde8 35. Bf3 Rf4 36. Kg2 Rf6 37. Qd2 g5 38. Nc2 Ng6 39. Bg3 Ref8 40.
Rh1 Nh4+ 41. Bxh4 gxh4 42. Qxh6 Rxh6 43. Rh3 Rhf6 44. Re1 h5 45. Re2 Rf4 46.
gxh5 Nf5 47. Re6 Rf7 48. Re8+ Kg7 49. Re4 Nh6 50. Rxf4 Rxf4 51. Rh1 Rxa4 52.
Kh3 Nf5 53. Rg1+ Kf6 54. Rg6+ Ke5 55. h6 Nxh6 56. Rxh6 b5 57. Rh5+ Kf4 58.
Rxh4+ Kxf3 59. Rxa4 bxa4 60. Na3 Ke4 61. Kg3 Kxd5 62. Kf3 Kd4 63. Ke2 d5 64.
Kd2 Ke4 65. Kc3 Ke5 66. Kd3 Kd6 67. Ke3 Kc6 68. Kd3 Kb6 69. Kc3 Ka5 70. Nc2 a3
71. Nxa3 Ka4 72. Nc2 c4 73. Nd4 Ka5 74. Nc2 1/2-1/2

[Event "10th Edmonton International Open"]
[Site "Edmonton"]
[Date "2015.06.28"]
[Round "4.9"]
[White "Taranik, Nikita"]
[Black "Relling, Leonard"]
[Result "1-0"]
[WhiteElo "1104"]
[BlackElo "1385"]
[PlyCount "69"]
[EventDate "2015.06.26"]
[EventType "swiss"]
[EventRounds "5"]
[EventCountry "CAN"]

1. e4 e5 2. Nf3 Nc6 3. Nc3 h6 4. d4 exd4 5. Nxd4 a6 6. Nxc6 bxc6 7. Bf4 Nf6 8.
Bc4 d6 9. e5 Qe7 10. O-O dxe5 11. Bxe5 Be6 12. Bxf6 Qxf6 13. Bxe6 fxe6 14. Re1
Bd6 15. Qe2 e5 16. Qc4 Kd7 17. Rad1 Rhf8 18. f3 Rae8 19. Qxa6 Qg5 20. Qc4 Rxf3
21. Re4 Ref8 22. Rg4 Qe3+ 23. Kh1 g5 24. Re4 Qf2 25. Ree1 R8f4 26. Qe2 Rxc3 27.
Qxf2 Rxf2 28. bxc3 Ke6 29. Ra1 Rxc2 30. a4 Rxc3 31. Rec1 Rxc1+ 32. Rxc1 c5 33.
a5 Kd5 34. a6 Kc6 35. Rb1 1-0

[Event "10th Edmonton International Open"]
[Site "Edmonton"]
[Date "2015.06.28"]
[Round "5.1"]
[White "Fellah, Mohamad"]
[Black "Briones, Dante"]
[Result "0-1"]
[WhiteElo "1793"]
[BlackElo "1990"]
[PlyCount "134"]
[EventDate "2015.06.26"]
[EventType "swiss"]
[EventRounds "5"]
[EventCountry "CAN"]

1. e4 e6 2. d4 d5 3. Nc3 Bb4 4. e5 c5 5. a3 Ba5 6. b4 cxd4 7. Nb5 Bc7 8. f4 Nc6
9. Qg4 Kf8 10. Nf3 a5 11. Rb1 axb4 12. axb4 g6 13. Bd3 Kg7 14. O-O Ra4 15.
Nfxd4 Nxd4 16. Nxd4 Nh6 17. Qh3 Nf5 18. Bxf5 exf5 19. Qb3 Ra8 20. Be3 Bb6 21.
Rfd1 Bxd4 22. Bxd4 Be6 23. Bc5 b5 24. Qh3 h5 25. Ra1 Qd7 26. Qh4 Rhe8 27. Rxa8
Rxa8 28. Be7 Ra2 29. h3 Rxc2 30. Ra1 Qb7 31. Qf6+ Kg8 32. Bf8 Kxf8 33. Qd8+ Kg7
34. Ra8 Qxa8 35. Qxa8 d4 36. Qd8 Rd2 37. Kh2 d3 38. Kg3 Bc4 39. Qf6+ Kh7 40. e6
Bxe6 41. Qc3 Rd1 42. Kh4 Bc4 43. Kg5 Rb1 44. Kf6 Rf1 45. Qd4 Re1 46. Qd8 Re6+
47. Kg5 Kg7 48. g4 fxg4 49. hxg4 hxg4 50. Kxg4 Re2 51. f5 gxf5+ 52. Kxf5 Re6
53. Qd4+ Kh7 54. Kg5 Rg6+ 55. Kf4 Re6 56. Kg5 f6+ 57. Kf5 Kg7 58. Qd7+ Kf8 59.
Qd4 Kf7 60. Kf4 Re7 61. Kf5 Be6+ 62. Kf4 Rd7 63. Qg1 d2 64. Qd1 Ke7 65. Kg3 Bb3
66. Qe2+ Kd8 67. Qxb5 d1=Q 0-1

[Event "10th Edmonton International Open"]
[Site "Edmonton"]
[Date "2015.06.28"]
[Round "5.3"]
[White "Rekhson, Vladislav"]
[Black "Young, Joseph"]
[Result "1-0"]
[WhiteElo "2219"]
[BlackElo "1834"]
[PlyCount "57"]
[EventDate "2015.06.26"]
[EventType "swiss"]
[EventRounds "5"]
[EventCountry "CAN"]

1. e4 d6 2. d4 Nf6 3. Nc3 c6 4. f4 g6 5. Nf3 Bg7 6. Be2 O-O 7. e5 dxe5 8. fxe5
Nfd7 9. Ne4 Qb6 10. c3 Rd8 11. e6 fxe6 12. Nfg5 Nf6 13. Nc5 Na6 14. Ncxe6 Bxe6
15. Nxe6 Rd6 16. Bc4 Kh8 17. O-O h6 18. Qd3 Kh7 19. Qh3 Rxe6 20. Qxe6 Nc7 21.
Qxe7 Ncd5 22. Qe6 Re8 23. Qh3 Qc7 24. Bd3 h5 25. Bg5 Qb6 26. Bxf6 Nxf6 27. Rxf6
Bxf6 28. Qxh5+ Kg8 29. Qxg6+ 1-0

[Event "10th Edmonton International Open"]
[Site "Edmonton"]
[Date "2015.06.28"]
[Round "5.4"]
[White "Wang, Kaixin"]
[Black "Mo, Michelle"]
[Result "1/2-1/2"]
[WhiteElo "1805"]
[BlackElo "1511"]
[PlyCount "54"]
[EventDate "2015.06.26"]
[EventType "swiss"]
[EventRounds "5"]
[EventCountry "CAN"]

1. d4 Nf6 2. c4 e6 3. Nf3 b6 4. Nc3 Bb4 5. Bg5 h6 6. Bxf6 Qxf6 7. e4 Bb7 8. Bd3
d6 9. a3 Bxc3+ 10. bxc3 O-O 11. O-O e5 12. Rb1 Nd7 13. a4 a5 14. Re1 Rad8 15.
h3 Rfe8 16. Re3 Qe7 17. Nh2 Nf6 18. Ng4 Bc8 19. Rg3 Nxg4 20. hxg4 Qh4 21. d5
Bd7 22. Bc2 Rb8 23. Rb2 Rec8 24. Rb1 Rd8 25. Rb2 Rdc8 26. Rb1 Rd8 27. Rb2 Rdc8
1/2-1/2